000 00249nam a22001097a 4500
008 131217t xxu||||| |||| 00| 0 eng d
020 _a0-00-710188-0
100 _aSydney Sheldon
_9461
245 _aThe Sky is Falling
300 _a340
942 _2ddc
_cBK
999 _c16732
_d16732